000
00288nam a22001337a 4500
008
230912b ||||| |||| 00| 0 eng d
041
_a
eng
080
_a
521
082
_a
521MUN
100
_a
19
101
_a
ASTRO
245
_a
THE ROTATION OF THE EARTH
_c
MUNK.H.W
942
_2
udc
_c
BK
999
_c
60345
_d
60345